Statistics for NBA Most Common Names

Click here to take the quiz!

General Stats

  • This quiz has been taken 245 times
    (125 since last reset)
  • The average score is 16 of 24

Answer Stats

PlayersNameNumber% Correct
Magic, Larry, DennisJohnson73
98%
Draymond, A.C., JohnnyGreen27
96%
David, Klay, MychalThompson20
95%
Randy, J.R., PhilSmith63
94%
Isiah, Isaiah, KurtThomas26
94%
Chet, Kemba, AntoineWalker17
92%
Baron, Anthony, WalterDavis43
90%
Jo Jo, Derrick, CobyWhite19
88%
Reggie, Brad, AndreMiller17
85%
Buck, Gus, DeronWilliams87
83%
Devin, Tobias, GaryHarris18
82%
Fred, Jaylen, P.J.Brown47
80%
Mark, Stephen, JimJackson35
75%
Slater, Kevin, KenyonMartin24
74%
Sam, Eddie, CaldwellJones59
65%
David, Glenn, CliffordRobinson28
62%
Bernard, Reggie, AlbertKing18
57%
Kermit, P.J., DuaneWashington15
46%
Kenny, Nick, RyanAnderson24
42%
Brandan, Lorenzen, DorellWright19
35%
David, Courtney, ClydeLee17
26%
Anthony, James, KevinEdwards15
20%
George, D.J., TrevorWilson17
16%
Brian, Fatty, MauriceTaylor19
12%

Score Distribution

Percentile by Number Answered

Percent of People with Each Score

Your Score History

You have not taken this quiz since the last reset